Catalogue descriptif des antiquités égyptiennes de la Salle Saint-Ferriol /

Saved in:

Corporate Author: Bibliothèque municipale de Grenoble.

Other Authors: Tresson, Paul.

Format: Book

Language: French

Published: Grenoble : Allier pere et fils, 1933.

Subjects:

Tags: Add Tag

No Tags, Be the first to tag this record!

Call Number: DT59 .G82 1933

LEADER 00981namaa2200265 4500
001 19111
003 OSt
005 20260517133436.0
008 130303s1933 fr abf bc 001 0 fre d
040 |c ARCE Library 
043 |a f-ua--- 
050 4 |a DT59 .G82 1933 
110 2 |a Bibliothèque municipale de Grenoble. 
245 1 0 |a Catalogue descriptif des antiquités égyptiennes de la Salle Saint-Ferriol /  |c par l'abbé Paul Tresson. 
264 1 |a Grenoble :   |b Allier pere et fils,   |c 1933. 
300 |a 192 pages, 4 leaves of plates :   |b illustrations, map ;   |c 22 cm. 
500 |a "Extrait du Bulletin de l'Académie delphinale, 6e série, tome 4e, 1933"  
500 |a At head of title : Bibliothèque de Grenoble. 
504 |a Includes bibliographical references and index. 
610 2 0 |a Bibliothèque municipale de Grenoble  |v Catalogs. 
651 0 |a Egypt  |x Antiquities  |v Catalogs. 
700 1 |a Tresson, Paul.  |9 41257 
901 |a reviewed 
942 |c BK  |2 lcc 
999 |c 16111  |d 16111